书目信息 |
| 题名: |
新手学AutoCAD辅助设计
|
|
| 作者: | 博智书苑 编 | |
| 分册: | ||
| 出版信息: | 北京 航空工业出版社 2010 |
|
| 页数: | 310页 | |
| 开本: | 26cm | |
| 丛书名: | 一学必会红宝书 | |
| 单 册: | ||
| 中图分类: | TP391.72 | |
| 科图分类: | ||
| 主题词: | 计算机辅助设计--AutoCAD软件 | |
| 电子资源: | ||
| ISBN: | 978-7-80243-531-5 | |
| 000 | 00821nam0 2200241 450 | |
| 001 | 3739 | |
| 005 | 20160926161314.96 | |
| 010 | @a978-7-80243-531-5@b平装@dCNY39.80 | |
| 100 | @a20110417d2010 em y0chiy50 ea | |
| 101 | 0 | @achi |
| 102 | @aCN@b110000 | |
| 105 | @ay z 000yy | |
| 200 | 1 | @a新手学AutoCAD辅助设计@f博智书苑编@Axin shou xue AutoCAD fu zhu she ji |
| 210 | @a北京@c航空工业出版社@d2010 | |
| 215 | @a310页@d26cm | |
| 225 | @a一学必会红宝书 | |
| 300 | @a附光盘 | |
| 330 | @a本书内容包括:初识AutoCAD 2010、精确绘图、快速掌握二维绘图、二维图形编辑详解、图案与渐变色填充、文字与表格、图块与外部参照、尺寸标注等。 | |
| 606 | 0 | @a计算机辅助设计@xAutoCAD软件 |
| 690 | @aTP391.72@v4 | |
| 701 | @a博智书苑@4编@Abo zhi shu yuan | |
| 801 | 0 | @aCN@b唐山师范学院图书馆@c20151002 |
| 905 | @aZUCC@dTP391.72@e1054 | |
| 新手学AutoCAD辅助设计/博智书苑编.-北京:航空工业出版社,2010 |
| 310页;26cm.-(一学必会红宝书) |
| 附光盘 |
| ISBN 978-7-80243-531-5(平装):CNY39.80 |
| 本书内容包括:初识AutoCAD 2010、精确绘图、快速掌握二维绘图、二维图形编辑详解、图案与渐变色填充、文字与表格、图块与外部参照、尺寸标注等。 |
| ● |
| 相关链接 |
|
|
|
|
正题名:新手学AutoCAD辅助设计
索取号:TP391.72/1054
 
预约/预借
| 序号 | 登录号 | 条形码 | 馆藏地/架位号 | 状态 | 备注 |
| 1 | 906424 | 209064242 | 第二样本阅览室/ [索取号:TP391.72/1054] | 在馆 | |
| 2 | 906425 | 209064251 | 第三借阅区/ [索取号:TP391.72/1054] | 在馆 | |
| 3 | 906426 | 209064260 | 第三借阅区/ [索取号:TP391.72/1054] | 在馆 | |
| 4 | 906427 | 209064279 | 第三借阅区/ [索取号:TP391.72/1054] | 在馆 | |
| 5 | 906428 | 209064288 | 密集书库—计算机科学学院/ [索取号:TP391.72/1054] | 在馆 |